Claves para el siglo XXI/ Coordinación editorial de Jerome Bindé; traducción castellana de Elena Grau; Prefacio de Koichiro Matsuura, Director General de la UNESCO. (Record no. 138064)
[ view plain ]
| 000 -CABECERA | |
|---|---|
| campo de control de longitud fija | 00735nam a2200205 a 4500 |
| 005 - FECHA Y HORA DE LA ÚLTIMA TRANSACCIÓN | |
| campo de control | 20210219160448.0 |
| 008 - ELEMENTOS DE LONGITUD FIJA--INFORMACIÓN GENERAL | |
| campo de control de longitud fija | 081109s2000 mx r 000 0 spa d |
| 020 ## - NÚMERO INTERNACIONAL NORMALIZADO PARA LIBROS | |
| Número Internacional Estándar del Libro | 8484323684 (Editorial Crítica, S.L.) |
| 020 ## - NÚMERO INTERNACIONAL NORMALIZADO PARA LIBROS | |
| Número Internacional Estándar del Libro | 92-3-303646-4 |
| 035 ## - NÚMERO DE CONTROL DEL SISTEMA | |
| Número de control de sistema | UPN01000165952 |
| 049 ## - COLECCIÓN | |
| Colección | UNE |
| 080 ## - NÚMERO DE CLASIFICACIÓN DECIMAL UNIVERSAL | |
| Número de la Clasificación Decimal Universal | 301.15 "313" (100) "2002" KEY. |
| 245 00 - MENCIÓN DE TÍTULO | |
| Título | Claves para el siglo XXI/ Coordinación editorial de Jerome Bindé; traducción castellana de Elena Grau; Prefacio de Koichiro Matsuura, Director General de la UNESCO. |
| 260 ## - PUBLICACIÓN, DISTRIBUCIÓN, ETC. | |
| Lugar de publicación, distribución, etc. | París: UNESCO; España: Editorial Crítica, S. L., 2002. |
| 300 ## - DESCRIPCIÓN FÍSICA | |
| Extensión | 503 p. |
| 690 ## - PUNTO DE ACCESO ADICIONAL DE MATERIA LOCAL--TÉRMINO DE MATERIA (OCLC, RLIN) | |
| Término de materia o nombre geográfico como elemento inicial | Futurología |
| 690 ## - PUNTO DE ACCESO ADICIONAL DE MATERIA LOCAL--TÉRMINO DE MATERIA (OCLC, RLIN) | |
| Término de materia o nombre geográfico como elemento inicial | Problema mundial |
| 690 ## - PUNTO DE ACCESO ADICIONAL DE MATERIA LOCAL--TÉRMINO DE MATERIA (OCLC, RLIN) | |
| Término de materia o nombre geográfico como elemento inicial | Globalización- Sociedad futura |
| 905 ## - TIPO DE MATERIAL | |
| Tipo de material | UNESCO |
No items available.
